Sounds Almost the Same Slideshow Quiz Stats

Quiz Updated Nov 9, 2014

Also try: Homonym Slideshow
Challenge
Share
Tweet
Score 0/20 Timer 05:00
4 Plays Today
% Correct
Bow
99.4%
Tear
98.2%
Drawer
97.3%
Dove
93.1%
Axes
90.9%
Lima
88.3%
Row
88.3%
Record
85.9%
Sewer
85.4%
Wind
82.6%
% Correct
Mow
80.7%
Buffet
80.2%
Bass
79.9%
Sow
73.8%
Minute
68.7%
Console
64.6%
Polish
61.4%
Lead
59.2%
Moped
55.9%
Combine
34.2%

You're not logged in!

Compare scores with friends on all Sporcle quizzes.
Sign Up with Email
OR
Log In

You Might Also Like...

Show Comments

Extras

Top Quizzes Today


Score Distribution

Your Account Isn't Verified!

In order to create a playlist on Sporcle, you need to verify the email address you used during registration. Go to your Sporcle Settings to finish the process.